| 000 | 00932nac a22002291u 4500 | ||
|---|---|---|---|
| 010 | _a 96004212 | ||
| 020 | _a1858983010 | ||
| 082 | 0 | 0 |
_a338.9512 _bM2421 |
| 090 |
_c2130 _d2130 |
||
| 100 | _a20080729 | ||
| 245 | 0 | 0 |
_aEconomic and social development in south China / _cedited by Stewart MacPherson and Joseph Y.S. Cheng. |
| 260 |
_aBrookfield, Vt. : _bE. Elgar,1996 _c1996. |
||
| 300 |
_axxi, 315 p. : _bill. ; _c25 cm. |
||
| 504 | _aIncludes bibliographical references and index. | ||
| 651 | 0 |
_aChina, Southeast _xEconomic conditions. |
|
| 651 | 0 |
_aChina, Southeast _xEconomic policy. |
|
| 651 | 0 |
_aChina, Southeast _xSocial conditions. |
|
| 700 | 1 | _aMacPherson, Stewart. | |
| 700 | 1 |
_aCheng, YuÌ(-shuo, _d1949- |
|
| 942 |
_cBB _k338.9512M2421 |
||
| 999 |
_c2130 _d2130 |
||